KOHA-Header-6

Physics for Scientists and Engineers (Record no. 12214)

000 -LEADER
fixed length control field 00333nam a22001457a 4500
020 ## - INTERNATIONAL STANDARD BOOK NUMBER
ISBN 978-93-325-7572-1
082 ## - DEWEY DECIMAL CLASSIFICATION NUMBER
Classification number 530
100 ## - MAIN ENTRY--AUTHOR NAME
Personal name Randall D.Knight
245 ## - TITLE STATEMENT
Title Physics for Scientists and Engineers
250 ## - EDITION STATEMENT
Edition statement 3rd Edition
260 ## - PUBLICATION, DISTRIBUTION, ETC. (IMPRINT)
Place of publication New Delhi
Name of publisher Pearson
Year of publication 2017
300 ## - PHYSICAL DESCRIPTION
Number of Pages 1434
650 ## - SUBJECT ADDED ENTRY--TOPICAL TERM
Topical Term Physics
942 ## - ADDED ENTRY ELEMENTS (KOHA)
Koha item type Books
Holdings
Withdrawn status Lost status Collection code Permanent Location Current Location Shelving location Date acquired Full call number Accession Number Koha item type
    Physics MAJU MAJU Shelf No.B31 2020-01-07 530 9501 Physics

Powered by Koha